Statistiques concernant La culture en couleurs (4) Rose

Cliquez ici pour prendre le quiz!

Statistiques générales

  • Ce quiz a été pris 5 648 fois
    (5 352 depuis la dernière actualisation)
  • Le résultat moyen est 9 sur 21

Statistiques - réponses

IndiceRéponse% Correct
Oiseau camarguais amateur de crevettesFlamant rose
90%
Première interprète de la chanson "La Vie en Rose"Edith Piaf
82%
Film au succès planétaire dont l'héroïne se prénomme RoseTitanic
77%
Le rose, qui est un "rouge dilué", est la couleur emblématique de ce parti politique françaisParti socialiste
63%
Figure indiquant les points cardinaux et les orientations intermédiairesRose des vents
60%
Collection de livres pour enfants éditée par Hachette. On y trouve par exemple tous les "Club des Cinq"Bibliothèque Rose
56%
Mademoiselle Rose en est l'un des personnagesCluedo
54%
Le maillot rose est attribué au premier du classement de cette compétition sportiveTour d'Italie
41%
Variété de rose très vif nommée d'après le nom d'une fleur très cultivée dans nos jardinsFuchsia
40%
Amandes enrobées de sucre coloré en rose, avec lesquels on peut faire des desserts (tarte, brioches...) particulièrement appréciés en région lyonnaise et dans la Loire.Praline
39%
Personnage de dessin animé et film de Blake Edwards, dont la musique est devenue un standard de jazz.la Panthère Rose
38%
Région française dont les vins rosés sont réputésProvence
38%
Chanteur originaire de la Ville Rose, qu'il a magnifiquement célébréeClaude Nougaro
36%
Femme politique probablement davantage connue pour ses tailleurs roses que pour son action ministérielleRoselyne Bachelot
33%
Confiserie souvent associée à la couleur roseBonbon
31%
Roche formée par la cristallisation du gypse, dont la forme et la disposition rappellent les pétales d'une roseRose des sables
31%
Symbole de persécution nazie contre les homosexuelsTriangle rose
29%
Auteur du conte musical "le Soldat Rose"Louis Chedid
24%
Fruit rose vif issu d'un cactusPitaya
17%
Nom de la plante sauvage à l'origine du rosier dont la fleur a donné le nom à la couleur rose (ouf)églantier
11%
Rose est un prénom révolutionnaire, qui se fête durant ce mois (révolutionnaire)Floréal
6%

Distribution des résultats

Percentile par nombre de réponses

% des personnes avec chaque résultat

Votre développement - résultats

Vous n’avez pas pris ce quiz depuis la dernière actualisation